Essentials of Negotiation (Record no. 4554)

MARC details
005 - DATE AND TIME OF LATEST TRANSACTION
control field 20250621050926.0
020 ## - INTERNATIONAL STANDARD BOOK NUMBER
International Standard Book Number 0-07-254582-8
082 ## - DEWEY DECIMAL CLASSIFICATION NUMBER
Classification number 658.40 LEW
100 ## - MAIN ENTRY--PERSONAL NAME
Author name LEWICKI, R
245 ## - TITLE STATEMENT
Title Essentials of Negotiation
250 ## - EDITION STATEMENT
Edition statement 3rd Ed.
260 ## - PUBLICATION, DISTRIBUTION, ETC.
Place of publication, distribution, etc. Boston
Name of publisher, distributor, etc. McGraw-Hill Irwin,
Date of publication, distribution, etc. 2004.
300 ## - PHYSICAL DESCRIPTION
Extent xiv,274p.; ill.; figures
Other physical details Index
Dimensions 23cm
700 ## - ADDED ENTRY--PERSONAL NAME
Other authors/Editors David M. Saunders
700 ## - ADDED ENTRY--PERSONAL NAME
Other authors/Editors Bruce Barry
700 ## - ADDED ENTRY--PERSONAL NAME
Other authors/Editors John W. Minton
942 ## - ADDED ENTRY ELEMENTS (KOHA)
Source of classification or shelving scheme Dewey Decimal Classification
Koha item type Books
Holdings
Date last seen Total checkouts Full call number Barcode Cost, replacement price Price effective from Koha item type Lost status Source of classification or shelving scheme Damaged status Not for loan Withdrawn status Home library Current library Shelving location Date acquired Source of acquisition Cost, normal purchase price
07/01/2025   658.4052 ESS DOM0001796 150000.00 07/01/2025 Books   Dewey Decimal Classification       CBE Dodoma CBE Dodoma General Collection 07/16/2007   50000.00
07/01/2025   658.4052 ESS DOM0001805 150000.00 07/01/2025 Books   Dewey Decimal Classification       CBE Dodoma CBE Dodoma General Collection 07/16/2007   50000.00
06/21/2025   658.40 LEW MZA0001602 150000.00 06/21/2025 Books   Dewey Decimal Classification       CBE Mwanza CBE Mwanza General Collection 07/16/2007 Library Budget 50000.00
06/21/2025   658.40 LEW MZA0001603 150000.00 06/21/2025 Books   Dewey Decimal Classification       CBE Mwanza CBE Mwanza General Collection 07/16/2007 Library Budget 50000.00
06/21/2025   658.40 LEW MZA0001604 150000.00 06/21/2025 Books   Dewey Decimal Classification       CBE Mwanza CBE Mwanza General Collection 07/16/2007 Library Budget 50000.00
06/21/2025   658.40 LEW MZA0001605 150000.00 06/21/2025 Books   Dewey Decimal Classification       CBE Mwanza CBE Mwanza General Collection 07/16/2007 Library Budget 50000.00
06/21/2025   658.40 LEW MZA0001606 150000.00 06/21/2025 Books   Dewey Decimal Classification       CBE Mwanza CBE Mwanza General Collection 07/16/2007 Library Budget 50000.00
06/21/2025   658.40 LEW MZA0001607 150000.00 06/21/2025 Books   Dewey Decimal Classification       CBE Mwanza CBE Mwanza General Collection 07/16/2007 Library Budget 50000.00
06/21/2025   658.40 LEW MZA0001608 150000.00 06/21/2025 Books   Dewey Decimal Classification       CBE Mwanza CBE Mwanza General Collection 07/16/2007 Library Budget 50000.00
06/21/2025   658.40 LEW MZA0001609 150000.00 06/21/2025 Books   Dewey Decimal Classification       CBE Mwanza CBE Mwanza General Collection 07/16/2007 Library Budget 50000.00
06/21/2025   658.40 LEW MZA0001610 150000.00 06/21/2025 Books   Dewey Decimal Classification       CBE Mwanza CBE Mwanza General Collection 07/16/2007 Library Budget 50000.00